Lo fáustico en un relato fantástico - maravilloso: "Macario"

Na minha lista:
Detalhes bibliográficos
Autor principal: Brilla Boza, Olga y Jiménez Mora, Rosa María
Formato: Livro
Idioma:Undetermined
Publicado em: San José, Costa Rica Escuela de Filología, Lingüística y Literatura,Universidad de Costa Rica 1982
Assuntos:
Tags: Adicionar Tag
Sem tags, seja o primeiro a adicionar uma tag!

MARC

LEADER 00000nam a2200000Ia 4500
008 170316s9999 xx 000 0 und d
040 |a cru BVZT 
090 |a TESIS 41 
100 |a Brilla Boza, Olga y Jiménez Mora, Rosa María 
245 |a Lo fáustico en un relato fantástico - maravilloso: "Macario" 
260 |a San José, Costa Rica 
260 |b Escuela de Filología, Lingüística y Literatura,Universidad de Costa Rica 
260 |c 1982 
300 |a 131 páginas 
650 |a LICENCIATURA EN FILOLOGÍA ESPAÑOLA 
650 |a TRABAJO FINAL DE GRADUACIÓN 
999 |c 14047  |d 14047 
942 |c TFG  |h TESIS 41  |2 z